| 000 | 00746nac a22001691u 4500 | ||
|---|---|---|---|
| 020 | _a0070586616 | ||
| 082 |
_a621.402 _bP866 |
||
| 090 |
_c109 _d109 |
||
| 100 | _aPotter, Merle C. | ||
| 245 |
_aSchaum's outline of theory and problems of thermodynamics for engineers/ _bMerle C. Potter, Craig W. Somerton |
||
| 260 |
_aNew Delhi _bTata McGraw-Hill _c1993 |
||
| 650 | _aThermodynamics | ||
| 700 | _4Somerton, Craig W. | ||
| 942 |
_cBB _k621.402P866 |
||
| 999 |
_c109 _d109 |
||